| 000 | 00593nam a2200241Ia 4500 | ||
|---|---|---|---|
| 003 | OSt | ||
| 005 | 20221005115610.0 | ||
| 006 | a|||||r|||| 00| 0 | ||
| 007 | ta | ||
| 008 | 221004b |||||||| |||| 00| 0 kan d | ||
| 024 | _a62200 | ||
| 037 | _cTextual | ||
| 040 |
_aCRL _cCRL _bkan |
||
| 041 |
_2kan _akan |
||
| 082 | _aO33,6M93,1, J4 | ||
| 100 |
_aNiranjan Au. _9625052 |
||
| 245 | 0 | _aChirasmarane | |
| 260 | _c1954 | ||
| 650 | _a KANNAD PROSE | ||
| 650 | _aKANNAD LITERATURE | ||
| 942 |
_hO33,6M93,1, J4 _cTEXL _2cc |
||
| 999 |
_c1035323 _d1035323 |
||